Usabilidad del chatbot para promoción de la salud en mayores de 40 años sin diagnóstico de enfermedad crónica (Registro nro. 22517)
[ vista simple ]
| 000 -Cabecera | |
|---|---|
| Campo de control interno | 02748nam a2200301 4500 |
| 001 - Número de control | |
| control field | ESSALUD |
| 007 - Tipo material - Descripcion fisica - info general | |
| Tipo material - Descripcion fisica - info general | ta |
| 008 - Elementos de Longitud Fija - Información General | |
| Elementos de Longitud Fija - Información | t2026 pe ||||| |||| 00| 0 spa d |
| 040 ## - Origen de la Catalogación | |
| Origen de la Catalogación | BMG |
| 041 ## - Idioma | |
| Idioma | spa |
| 100 ## - Autor | |
| Autor | Meza Pinedo, Brik Henrry |
| Rol del Autor | autor |
| 9 (RLIN) | 52677 |
| 245 ## - Titulo | |
| Titulo | Usabilidad del chatbot para promoción de la salud en mayores de 40 años sin diagnóstico de enfermedad crónica |
| 300 ## - Páginas | |
| Paginación | páginas 5-15 |
| 520 ## - Resumen | |
| Resumen | El objetivo de este estudio fue evaluar la aceptabilidad y usabilidad de la herramienta Nutribot en adultos peruanos de 40 años o más sin diagnóstico de ENT, con miras a validar su pertinencia como recurso educativo preventivo y a sentar bases para su implementación a mayor escala en salud pública. El estudio incluyó 50 participantes, quienes interactuaron con el sistema durante 20–30 minutos y completaron un cuestionario de usabilidad y una pregunta abierta. Más del 60 % estuvo de acuerdo o totalmente de acuerdo con los ítems clave (facilidad de uso, claridad, comprensión y utilidad). La probabilidad de recomendación fue alta, con un promedio de 8,92/10 (mediana: 9; rango: 6–10), evidenciando elevada satisfacción global. La edad de los participantes osciló entre 40 y 83 años, sin diferencias apreciables en la valoración según el grupo etario. El análisis cualitativo resaltó la rapidez, claridad y amabilidad de las respuestas, así como su utilidad práctica en consultas cotidianas. Entre las principales sugerencias se destacaron la necesidad de una mayor proactividad del sistema y la optimización en la presentación de la información, mediante formatos más estructurados y funciones adicionales. Los resultados evidencian la factibilidad de implementar un chatbot nutricional basado en LLMs vía WhatsApp como herramienta complementaria para promover estilos de vida saludables y la autogestión del bienestar en adultos. Asimismo, aportan evidencia operativa para optimizar el prototipo antes de su implementación a mayor escala en salud pública. |
| 650 ## - Temas - Descriptores | |
| Temas - Descriptores | INTELIGENCIA ARTIFICIAL |
| 9 (RLIN) | 35380 |
| 650 ## - Temas - Descriptores | |
| Temas - Descriptores | PROGRAMAS INFORMÁTICOS |
| 9 (RLIN) | 873 |
| 650 ## - Temas - Descriptores | |
| Temas - Descriptores | PROGRAMAS DE NUTRICIÓN |
| 9 (RLIN) | 5497 |
| 650 ## - Temas - Descriptores | |
| Temas - Descriptores | SALUD PÚBLICA |
| 9 (RLIN) | 1652 |
| 650 ## - Temas - Descriptores | |
| Temas - Descriptores | PROMOCIÓN DE LA SALUD |
| 9 (RLIN) | 2180 |
| 650 ## - Temas - Descriptores | |
| Temas - Descriptores | ENFERMEDADES NO TRANSMISIBLES |
| 9 (RLIN) | 44056 |
| 700 ## - Autor Personal | |
| Autor Personal | Loayza Arroyo, Luis Randy |
| Rol del autor | autor |
| 9 (RLIN) | 52678 |
| 700 ## - Autor Personal | |
| Autor Personal | Ramos Quispe, Mitshell Bikrham |
| Rol del autor | autor |
| 9 (RLIN) | 52679 |
| 700 ## - Autor Personal | |
| Autor Personal | Bastidas, Bryan Christopher |
| Rol del autor | autor |
| 9 (RLIN) | 52680 |
| 700 ## - Autor Personal | |
| Autor Personal | Sedano Porras, Claudia Aracelli |
| Rol del autor | autor |
| 9 (RLIN) | 52681 |
| 700 ## - Autor Personal | |
| Autor Personal | Murillo Carrasco, Alexis Germán |
| Rol del autor | autor |
| 9 (RLIN) | 52682 |
| 773 0# - Revista (Relacion con el numero) | |
| Host Biblionumber | 22497 |
| Host Itemnumber | 22595 |
| Ciudad, Editorial | Lima : IETSI |
| Codigo barras item/ejemplar | CITES01 |
| Titulo de la Revista | Ciencia y Tecnología aplicada a la Salud Pública |
| Número de control de registro | ESSALUD |
| ISSN | 3119-7981 |
| 942 ## - Elementos de Koha | |
| Tipo de Documento | Artículos |
| Fecha procesamiento | 2026-06-11 |
| Catalogador | AFC |
No hay ítems disponibles.